[Event "London league"]
[Site "?"]
[Date "1979.02.20"]
[Round "?"]
[White "Pickett, L."]
[Black "Stebbings, A."]
[Result "1-0"]
[WhiteElo "2016"]
[BlackElo "2272"]
[PlyCount "47"]
[EventDate "1979.??.??"]

1. d4 Nf6 2. c4 g6 3. Nc3 d5 4. Bg5 Ne4 5. Nxe4 dxe4 6. e3 Bg7 7. Qc2 h6 8. Bf4
c5 9. O-O-O Qa5 10. Kb1 O-O 11. Bxb8 Rxb8 12. dxc5 Qxc5 13. Rd5 Qc7 14. Ne2 Be6
15. Rd2 Bxc4 16. Nf4 Rfc8 17. Bxc4 Qxc4 18. Rd8+ Rxd8 19. Qxc4 Rd2 20. Nxg6 b5
21. Nxe7+ Kf8 22. Qc5 Ke8 23. Nd5 Rxb2+ 24. Kc1 1-0

[Event "Essex league"]
[Site "?"]
[Date "1979.02.26"]
[Round "?"]
[White "Moore, J."]
[Black "Stebbings, A."]
[Result "1/2-1/2"]
[WhiteElo "1952"]
[BlackElo "2272"]
[PlyCount "45"]
[EventDate "1979.??.??"]

1. e4 c5 2. Nc3 Nc6 3. g3 g6 4. Bg2 Bg7 5. d3 e6 6. f4 d6 7. Nf3 Nge7 8. O-O
Rb8 9. Be3 Nd4 10. Qd2 b5 11. Nh4 O-O 12. Nd1 b4 13. c3 bxc3 14. bxc3 Ndc6 15.
f5 f6 16. Nf2 g5 17. Nf3 exf5 18. d4 cxd4 19. Nxd4 Ne5 20. Nxf5 Nxf5 21. exf5
Bxf5 22. Bxa7 Rc8 23. Rfd1 1/2-1/2

[Event "National Club ch."]
[Site "?"]
[Date "1979.03.03"]
[Round "?"]
[White "Stebbings, A."]
[Black "Emerson, R."]
[Result "1/2-1/2"]
[WhiteElo "2272"]
[BlackElo "2232"]
[PlyCount "70"]
[EventDate "1979.??.??"]

1. e4 c5 2. Nf3 Nc6 3. d4 cxd4 4. Nxd4 Nf6 5. Nc3 e6 6. Ndb5 d6 7. Bf4 e5 8.
Bg5 a6 9. Na3 b5 10. Nd5 Be7 11. Bxf6 Bxf6 12. c3 Rb8 13. Nc2 O-O 14. Be2 Bg5
15. O-O Be6 16. Bf3 Qd7 17. Qd3 f5 18. exf5 Bxf5 19. Be4 g6 20. b4 Be6 21. a4
Ne7 22. axb5 axb5 23. Ra6 Rfd8 24. Rfa1 Nxd5 25. Bxd5 Bxd5 26. Qxd5+ Qf7 27.
Qd3 Qf5 28. Qd5+ Qf7 29. Qd3 Rbc8 30. Rxd6 Rxd6 31. Qxd6 Rxc3 32. Qxe5 Bf6 33.
Qb8+ Qf8 34. Qxf8+ Kxf8 35. Ra2 Be7 1/2-1/2

[Event "London league"]
[Site "?"]
[Date "1979.03.06"]
[Round "?"]
[White "Tucker, D."]
[Black "Stebbings, A."]
[Result "1-0"]
[WhiteElo "2096"]
[BlackElo "2272"]
[PlyCount "51"]
[EventDate "1979.??.??"]

1. e4 c5 2. Nf3 e6 3. d4 cxd4 4. Nxd4 Nc6 5. Nc3 a6 6. Be2 Qc7 7. O-O Nf6 8.
Kh1 d6 9. f4 Bd7 10. Be3 b5 11. a3 Be7 12. Qe1 O-O 13. Qg3 Nxd4 14. Bxd4 Bc6
15. e5 dxe5 16. Bxe5 Qb7 17. Rad1 g6 18. Bf3 Rac8 19. Rd3 a5 20. Rf2 Bxf3 21.
gxf3 b4 22. axb4 axb4 23. Bxf6 Bxf6 24. Ne4 Qe7 25. Rd7 Bh4 26. Rxe7 1-0

[Event "County match"]
[Site "?"]
[Date "1979.03.10"]
[Round "?"]
[White "Cummings, D."]
[Black "Stebbings, A."]
[Result "1-0"]
[WhiteElo "2312"]
[BlackElo "2272"]
[PlyCount "70"]
[EventDate "1979.??.??"]

1. c4 Nf6 2. Nc3 d5 3. cxd5 Nxd5 4. Nf3 c5 5. e4 Nxc3 6. dxc3 Qxd1+ 7. Kxd1 Nc6
8. Bf4 g6 9. Kc2 Bg7 10. Rd1 Bg4 11. Bb5 Rc8 12. h3 Bd7 13. Bc4 f6 14. Rhe1 Na5
15. Bf7+ Kxf7 16. Rxd7 Rhe8 17. e5 Rc6 18. exf6 Bxf6 19. Bc7 b6 20. Be5 a6 21.
Ra7 b5 22. Bxf6 Rxf6 23. Ne5+ Kg8 24. Ng4 Rd6 25. Rexe7 Rxe7 26. Rxe7 Nc4 27.
Re2 Kf7 28. Ne5+ Nxe5 29. Rxe5 c4 30. Re4 Kf6 31. Rd4 Re6 32. Kd2 Kf5 33. a4
Kf6 34. axb5 axb5 35. Rd5 Rb6 1-0

[Event "Essex league"]
[Site "?"]
[Date "1979.03.12"]
[Round "?"]
[White "Harradence, J."]
[Black "Stebbings, A."]
[Result "1/2-1/2"]
[WhiteElo "2112"]
[BlackElo "2272"]
[PlyCount "62"]
[EventDate "1979.??.??"]

1. e4 c5 2. Nf3 e6 3. d4 cxd4 4. Nxd4 Nc6 5. Nb5 d6 6. c4 Nf6 7. N1c3 a6 8. Na3
Be7 9. Be2 O-O 10. O-O b6 11. Be3 Bb7 12. f4 Rc8 13. Bf3 Re8 14. Qe2 Ba8 15.
Rac1 Nd7 16. Nab1 Rc7 17. Rfd1 Qb8 18. b3 Rec8 19. Rd2 Nc5 20. Rcd1 Bf8 21. Bf2
Be7 22. g4 Rd8 23. h4 Rcc8 24. g5 Na7 25. Kg2 b5 26. cxb5 Nxb5 27. Nxb5 Qxb5
28. Na3 Qxe2 29. Rxe2 Bc6 30. Nc4 Bb5 31. Rc2 Bxc4 1/2-1/2

[Event "County match"]
[Site "?"]
[Date "1979.03.17"]
[Round "?"]
[White "King, D."]
[Black "Stebbings, A."]
[Result "0-1"]
[WhiteElo "2208"]
[BlackElo "2272"]
[PlyCount "66"]
[EventDate "1979.??.??"]

1. c4 Nf6 2. Nc3 d5 3. cxd5 Nxd5 4. Nf3 c5 5. e4 Nb4 6. Bc4 Be6 7. Bxe6 Nd3+ 8.
Kf1 fxe6 9. Ng5 Nc6 10. Nxe6 Qd7 11. Nd5 Rc8 12. Qh5+ g6 13. Qh3 c4 14. f4 Nd8
15. Ng5 Qxh3 16. Nxh3 Bg7 17. Nc3 Rf8 18. g3 e5 19. Kg2 exf4 20. Nxf4 Nxf4+ 21.
gxf4 Ne6 22. d3 cxd3 23. Kg3 Bxc3 24. bxc3 Rxc3 25. Bd2 Rc4 26. Rhe1 Nd4 27.
Rab1 Rf7 28. Kg4 Nc2 29. Rf1 Rxe4 30. Rf3 Rd7 31. h4 Na3 32. Rb3 Nc4 33. Rfxd3
Ne5+ 0-1

[Event "Essex league"]
[Site "?"]
[Date "1979.03.20"]
[Round "?"]
[White "Forey, R."]
[Black "Stebbings, A."]
[Result "0-1"]
[WhiteElo "1928"]
[BlackElo "2272"]
[PlyCount "44"]
[EventDate "1979.??.??"]

1. e4 c5 2. Nf3 e6 3. b3 Nf6 4. e5 Nd5 5. c4 Nb4 6. a3 N4c6 7. Nc3 Be7 8. Ne4
b6 9. Bb2 Bb7 10. Qc2 O-O 11. Bd3 h6 12. h4 d6 13. exd6 Bxd6 14. g4 Bf4 15. Rg1
Nd7 16. g5 Nce5 17. Nxe5 Nxe5 18. Bxe5 Bxe5 19. O-O-O Kh8 20. Rdf1 Qd4 21. Qc3
Rad8 22. f3 Qxc3+ 0-1

[Event "County match"]
[Site "?"]
[Date "1979.03.24"]
[Round "?"]
[White "Staples, M."]
[Black "Stebbings, A."]
[Result "1/2-1/2"]
[WhiteElo "2208"]
[BlackElo "2272"]
[PlyCount "80"]
[EventDate "1979.??.??"]

1. d4 Nf6 2. Bg5 c5 3. Bxf6 gxf6 4. Nc3 cxd4 5. Qxd4 Nc6 6. Qh4 d6 7. e3 f5 8.
Bc4 Bg7 9. Nge2 a6 10. O-O e6 11. Qh5 h6 12. Rfd1 d5 13. Bb3 Qg5 14. Qxg5 hxg5
15. Nd4 Bd7 16. Nce2 Na5 17. c3 Rc8 18. Rac1 Nc4 19. Bxc4 Rxc4 20. f4 g4 21. g3
Ke7 22. Kg2 b6 23. Rh1 a5 24. h4 gxh3+ 25. Rxh3 Rxh3 26. Kxh3 Bc8 27. Kg2 Ba6
28. Kf2 Rc8 29. Rh1 Bc4 30. a3 Rh8 31. Rxh8 Bxh8 32. Ng1 Bd3 33. Ngf3 f6 34.
Nh4 Bg7 35. Ke1 Kf7 36. Kd2 Bf1 37. a4 Bf8 38. Nc6 Ke8 39. Ng6 Bd6 40. Nd4 Kd7
1/2-1/2

[Event "London league"]
[Site "?"]
[Date "1979.03.27"]
[Round "?"]
[White "Lightfoot, M."]
[Black "Stebbings, A."]
[Result "1/2-1/2"]
[WhiteElo "2128"]
[BlackElo "2272"]
[PlyCount "44"]
[EventDate "1979.??.??"]

1. e4 c5 2. Nf3 Nc6 3. d4 cxd4 4. Nxd4 Nf6 5. Nc3 d6 6. Bg5 e6 7. Qd2 a6 8.
O-O-O Bd7 9. f4 b5 10. Nxc6 Bxc6 11. Qe3 Qa5 12. Kb1 Be7 13. Bxf6 gxf6 14. Bd3
O-O-O 15. a3 Qc7 16. f5 Kb8 17. Qh3 Bd7 18. Ne2 Qc5 19. Nf4 a5 20. Qh5 Rdf8 21.
Rhf1 Qe5 22. Rf3 Bc6 1/2-1/2

[Event "Essex league"]
[Site "?"]
[Date "1979.04.02"]
[Round "?"]
[White "Kalinsky, S."]
[Black "Stebbings, A."]
[Result "1-0"]
[WhiteElo "1976"]
[BlackElo "2272"]
[PlyCount "60"]
[EventDate "1979.??.??"]

1. e4 c5 2. c3 Nf6 3. e5 Nd5 4. d4 cxd4 5. Qxd4 e6 6. Bc4 Nc6 7. Qe4 f5 8. Qe2
Nde7 9. Nf3 Ng6 10. O-O Qc7 11. Re1 Ngxe5 12. Nxe5 Nxe5 13. Qxe5 Qxc4 14. Na3
Qc5 15. Qg3 b6 16. Re5 Qe7 17. Nb5 d6 18. Re1 e5 19. Bf4 Be6 20. Bxe5 dxe5 21.
Rxe5 Kf7 22. Nd4 Qd6 23. Nxe6 g6 24. Rae1 Be7 25. Rxf5+ Kg8 26. Qxd6 Bxd6 27.
Rd5 Be7 28. Nc7 Kf7 29. Nxa8 Rxa8 30. Rd7 Re8 1-0

[Event "Essex league"]
[Site "?"]
[Date "1979.04.17"]
[Round "?"]
[White "Hunnable, I."]
[Black "Stebbings, A."]
[Result "0-1"]
[WhiteElo "1992"]
[BlackElo "2272"]
[PlyCount "70"]
[EventDate "1979.??.??"]

1. Nf3 d5 2. d4 c6 3. c4 e6 4. Bg5 f6 5. Bf4 dxc4 6. e3 b5 7. a4 Bb7 8. Nc3 Bb4
9. Nd2 a6 10. Qh5+ g6 11. Qh3 Kf7 12. Be2 Ne7 13. Nde4 Nd5 14. Bh6 Nd7 15. O-O
Qe7 16. Qg3 Rhb8 17. Na2 Ba5 18. Nd6+ Kg8 19. Nxb7 Rxb7 20. e4 Bc7 21. Qg4 f5
22. Qf3 Qh4 23. g3 Qxh6 24. exd5 cxd5 25. Nb4 Nf6 26. axb5 a5 27. Na6 Bb6 28.
Rfd1 Ne4 29. Qa3 Qg7 30. Nc5 Bxc5 31. dxc5 Rxb5 32. Rab1 Nxc5 33. Qf3 Ne4 34.
Bf1 Rxb2 35. Rxb2 Qxb2 0-1

[Event "Essex league"]
[Site "?"]
[Date "1979.04.24"]
[Round "?"]
[White "Ellames, R."]
[Black "Stebbings, A."]
[Result "0-1"]
[WhiteElo "1976"]
[BlackElo "2272"]
[PlyCount "46"]
[EventDate "1979.??.??"]

1. d4 Nf6 2. c4 g6 3. Nc3 d5 4. cxd5 Nxd5 5. e4 Nxc3 6. bxc3 Bg7 7. Bc4 c5 8.
Ne2 Nc6 9. Be3 O-O 10. O-O Qc7 11. Rc1 Rd8 12. Qe1 e6 13. h3 b6 14. f4 Na5 15.
Bd3 f5 16. g4 Bb7 17. Ng3 Qd7 18. gxf5 exf5 19. exf5 cxd4 20. cxd4 Re8 21. Kh2
Bxd4 22. fxg6 Rxe3 23. Qd1 Rxd3 0-1

[Event "London league"]
[Site "?"]
[Date "1979.04.25"]
[Round "?"]
[White "Cutler, N."]
[Black "Stebbings, A."]
[Result "0-1"]
[WhiteElo "2048"]
[BlackElo "2272"]
[PlyCount "110"]
[EventDate "1979.??.??"]

1. d4 Nf6 2. Nc3 d5 3. Bg5 Nbd7 4. f3 c6 5. e4 dxe4 6. fxe4 Qa5 7. Bd2 e5 8.
dxe5 Nxe5 9. Nf3 Nxf3+ 10. Qxf3 Qc7 11. Bf4 Bd6 12. Bxd6 Qxd6 13. h3 Be6 14.
Bd3 O-O 15. O-O Nd7 16. Rad1 Qc5+ 17. Qf2 Qxf2+ 18. Rxf2 Ne5 19. b3 Rfd8 20.
Rfd2 Rd7 21. Be2 Rad8 22. Rxd7 Rxd7 23. Rxd7 Bxd7 24. Kf2 Kf8 25. Ke3 Ke7 26.
Na4 Kd6 27. Nb2 Be8 28. Nd3 f6 29. Kd4 Nxd3 30. Bxd3 c5+ 31. Ke3 Ke5 32. c3 Bc6
33. g4 Bd7 34. Be2 h5 35. b4 cxb4 36. cxb4 h4 37. b5 Be6 38. a3 b6 39. Bf1 Bc8
40. Bd3 Bb7 41. Bc2 a6 42. a4 a5 43. Bd3 g6 44. Bc2 f5 45. exf5 gxf5 46. Bxf5
Bg2 47. Bd3 Bxh3 48. Kf3 Kd4 49. Be2 Kc3 50. g5 Bf5 51. Bd1 h3 52. Kf4 h2 53.
Bf3 Bc2 54. Ke5 Bxa4 55. g6 Bb3 0-1

[Event "Essex league"]
[Site "?"]
[Date "1979.05.24"]
[Round "?"]
[White "Martin, A."]
[Black "Stebbings, A."]
[Result "0-1"]
[WhiteElo "2168"]
[BlackElo "2208"]
[PlyCount "78"]
[EventDate "1979.??.??"]

1. b3 d5 2. e3 Nf6 3. Bb2 Bg4 4. Be2 Bxe2 5. Qxe2 c6 6. f4 Nbd7 7. g4 e6 8. g5
Ne4 9. Nf3 h6 10. Nc3 Nxc3 11. Bxc3 hxg5 12. Nxg5 e5 13. h4 Bd6 14. O-O-O Qe7
15. Qg4 O-O-O 16. fxe5 Bxe5 17. Bxe5 Qxe5 18. Kb1 Rdf8 19. Rdf1 f5 20. Qa4 Kb8
21. Nf3 Qe4 22. Qa3 Rf6 23. Ng5 Qe8 24. Qb4 Ne5 25. Qf4 Ka8 26. Nf3 Ng4 27. Nh2
Rxh4 28. Nxg4 Rxg4 29. Qc7 a6 30. Qa5 Rg2 31. Rf4 Qf8 32. Rb4 Rg4 33. d4 Re4
34. c4 dxc4 35. bxc4 Rxe3 36. Ka1 Re7 37. Rhb1 f4 38. c5 f3 39. d5 cxd5 0-1

[Event "Kent league"]
[Site "?"]
[Date "1979.06.30"]
[Round "?"]
[White "Sellens, J."]
[Black "Stebbings, A."]
[Result "0-1"]
[WhiteElo "1960"]
[BlackElo "2208"]
[PlyCount "56"]
[EventDate "1979.??.??"]

1. e4 c5 2. Nf3 e6 3. d4 cxd4 4. Nxd4 Nc6 5. Be3 Nf6 6. Nc3 Qc7 7. Be2 a6 8.
O-O Bb4 9. Qd3 Ne5 10. Qd1 Bxc3 11. bxc3 Nxe4 12. Bd3 Nxc3 13. Qh5 Nd5 14. Bd2
Nxd3 15. cxd3 O-O 16. Rac1 Qd6 17. Nf3 b5 18. Rfe1 Bb7 19. Qh4 f6 20. Re4 Rac8
21. Rxc8 Rxc8 22. Rg4 Kh8 23. Qh5 Ne7 24. d4 Bxf3 25. gxf3 Nf5 26. Be3 Qd5 27.
Qf7 Qxf3 28. Rf4 Nxe3 0-1

[Event "Tournament: Lloyds Bank Masters"]
[Site "London"]
[Date "1979.08.22"]
[Round "?"]
[White "Stebbings, A."]
[Black "Josteinsson, L."]
[Result "0-1"]
[WhiteElo "2208"]
[BlackElo "2328"]
[PlyCount "58"]
[EventDate "1979.??.??"]

1. e4 c5 2. Nf3 e6 3. d4 cxd4 4. Nxd4 a6 5. Nc3 Qc7 6. Bd3 Nc6 7. Be3 b5 8. O-O
Bb7 9. Nb3 Ne5 10. f4 Nc4 11. Bxc4 bxc4 12. Nd2 Nf6 13. Qe2 Rc8 14. Kh1 Qc6 15.
Bd4 Be7 16. f5 exf5 17. Rxf5 O-O 18. Raf1 Qe6 19. e5 Nd5 20. Nce4 a5 21. Qf2 c3
22. bxc3 Ba6 23. c4 Bxc4 24. Nxc4 Rxc4 25. Nf6+ Bxf6 26. exf6 g6 27. Qd2 Rxd4
28. Qh6 Nxf6 29. Rxf6 Qxf6 0-1

[Event "Tournament: Lloyds Bank Masters"]
[Site "London"]
[Date "1979.08.23"]
[Round "?"]
[White "Heaven, P."]
[Black "Stebbings, A."]
[Result "0-1"]
[WhiteElo "2064"]
[BlackElo "2208"]
[PlyCount "82"]
[EventDate "1979.??.??"]

1. e4 c5 2. Nf3 e6 3. d4 cxd4 4. Nxd4 Nc6 5. Nc3 a6 6. Be3 Qc7 7. Be2 Nf6 8.
O-O Bb4 9. f3 O-O 10. Qe1 Ne5 11. Ncb5 Qa5 12. c3 Be7 13. Nb3 Qd8 14. N5d4 d5
15. Nd2 dxe4 16. Nxe4 Nxe4 17. fxe4 b6 18. Qg3 Bd6 19. Bf4 Qc7 20. Rad1 Re8 21.
Kh1 Bb7 22. Nf3 f6 23. Rxd6 Qxd6 24. Nxe5 fxe5 25. Bxe5 Qd7 26. Bc4 Bxe4 27.
Qg4 Bd5 28. Bxd5 h5 29. Rf8+ Kxf8 30. Qf3+ Kg8 31. Bxa8 Rf8 32. Qe2 Rxa8 33.
Bd4 Qd5 34. h3 b5 35. a3 Rd8 36. Qe3 e5 37. Bb6 Rd7 38. Qg5 e4 39. Qg6 Rd6 40.
Qe8+ Kh7 41. Bd4 Rg6 0-1

[Event "Tournament: Lloyds Bank Masters"]
[Site "London"]
[Date "1979.08.24"]
[Round "?"]
[White "Nicholson, J."]
[Black "Stebbings, A."]
[Result "1-0"]
[WhiteElo "2280"]
[BlackElo "2208"]
[PlyCount "87"]
[EventDate "1979.??.??"]

1. e4 c5 2. Nf3 e6 3. d4 cxd4 4. Nxd4 Nc6 5. Nc3 Qc7 6. Be2 a6 7. O-O Nf6 8.
Kh1 d6 9. f4 Bd7 10. Be3 b5 11. a3 Be7 12. Qe1 O-O 13. Qg3 Nxd4 14. Bxd4 Bc6
15. Rae1 Qb7 16. Bd3 b4 17. Nd1 bxa3 18. bxa3 g6 19. Nf2 Rab8 20. Qh3 Rfd8 21.
Re3 d5 22. e5 Nh5 23. Ng4 Bf8 24. f5 exf5 25. Bxf5 Bg7 26. Nf6+ Nxf6 27. exf6
Bf8 28. Bd3 Re8 29. Ref3 Bb5 30. Rf4 Bd7 31. Qf3 Bb5 32. h4 Bxd3 33. cxd3 h6
34. Rg4 Kh7 35. h5 g5 36. Qf5+ Kh8 37. Be5 Rbc8 38. d4 Bxa3 39. Rg3 Bc1 40. Kh2
a5 41. Rgf3 a4 42. Rxc1 Rxc1 43. Qg6 fxg6 44. f7+ 1-0

[Event "Tournament: Lloyds Bank Masters"]
[Site "London"]
[Date "1979.08.25"]
[Round "?"]
[White "Stebbings, A."]
[Black "Delaney, J."]
[Result "1-0"]
[WhiteElo "2208"]
[BlackElo "2208"]
[PlyCount "61"]
[EventDate "1979.??.??"]

1. d4 Nf6 2. c4 c5 3. d5 b5 4. cxb5 a6 5. e3 d6 6. Nc3 g6 7. Nf3 Bg7 8. a4 O-O
9. e4 Nbd7 10. Nd2 axb5 11. Bxb5 Ba6 12. O-O Bxb5 13. Nxb5 Nb6 14. Ra2 Qd7 15.
b3 Rfb8 16. Qc2 e6 17. dxe6 fxe6 18. Nc4 Nxc4 19. bxc4 d5 20. Bf4 Rc8 21. exd5
exd5 22. cxd5 Nxd5 23. Qc4 Qe6 24. Bg3 Nc7 25. Rc2 Qxc4 26. Rxc4 Nxb5 27. axb5
Ra5 28. Rb1 Bd4 29. b6 Re8 30. h3 Ra3 31. b7 1-0

[Event "Tournament: Lloyds Bank Masters"]
[Site "London"]
[Date "1979.08.26"]
[Round "?"]
[White "King, D."]
[Black "Stebbings, A."]
[Result "1-0"]
[WhiteElo "2320"]
[BlackElo "2208"]
[PlyCount "111"]
[EventDate "1979.??.??"]

1. e4 c5 2. Nf3 e6 3. c3 Nc6 4. Bb5 d5 5. Bxc6+ bxc6 6. d3 Nf6 7. e5 Nd7 8. O-O
f5 9. Bg5 Qb6 10. Qe2 h6 11. Bc1 Kf7 12. c4 Be7 13. Nc3 Bb7 14. b3 Rag8 15. Re1
g5 16. Ba3 Qa5 17. Na4 Nb6 18. Qd2 Qxd2 19. Nxd2 Nxa4 20. bxa4 Ba6 21. Rac1 Rd8
22. Nb3 dxc4 23. dxc4 Rd3 24. Rc2 Rb8 25. f3 f4 26. Kf2 Kg6 27. Ree2 Rb7 28. g4
fxg3+ 29. hxg3 Kf5 30. g4+ Kg6 31. Re3 Rd1 32. Re1 Rd3 33. Re3 Rd1 34. Nxc5
Bxc5 35. Bxc5 Rh1 36. Kg2 Ra1 37. Rd3 Kf7 38. Rd6 Bxc4 39. Rxc4 Rb2+ 40. Kh3
Raxa2 41. Bg1 Rb3 42. Kg3 Raa3 43. Rd2 Rxf3+ 44. Kg2 Rg3+ 45. Kf2 Rge3 46. Bh2
Reb3 47. Rdc2 a5 48. Rd2 Rb4 49. Rxc6 Rbxa4 50. Rd7+ Ke8 51. Rh7 Ra2+ 52. Kf1
Ra1+ 53. Kg2 R4a2+ 54. Kh3 Kd8 55. Ra6 Ra3+ 56. Bg3 1-0

[Event "Tournament: Lloyds Bank Masters"]
[Site "London"]
[Date "1979.08.27"]
[Round "?"]
[White "Stebbings, A."]
[Black "Kinlay, J."]
[Result "0-1"]
[WhiteElo "2208"]
[BlackElo "2200"]
[PlyCount "72"]
[EventDate "1979.??.??"]

1. d4 Nf6 2. c4 c5 3. d5 d6 4. Nc3 g6 5. e4 Bg7 6. Bd3 O-O 7. Nge2 e6 8. dxe6
fxe6 9. e5 Ng4 10. f4 dxe5 11. h3 Nh6 12. O-O Nc6 13. Be3 b6 14. Be4 Bb7 15.
Qa4 Rc8 16. Rad1 Qe7 17. Nb5 Nf5 18. Bxf5 gxf5 19. Nxa7 Nxa7 20. Qxa7 Qc7 21.
Qa4 Rcd8 22. Nc3 Bh6 23. g3 Rxd1 24. Nxd1 Rd8 25. Kh2 Ba8 26. Qc2 Qc6 27. b3
Kf7 28. Rg1 Qf3 29. Bc1 exf4 30. Nf2 fxg3+ 31. Rxg3 Bf4 32. Bxf4 Qxf4 33. Qb2
Rg8 34. Ng4 fxg4 35. Qc2 Be4 36. Qe2 Rd8 0-1

[Event "Tournament: Lloyds Bank Masters"]
[Site "London"]
[Date "1979.08.28"]
[Round "?"]
[White "Silva, M."]
[Black "Stebbings, A."]
[Result "0-1"]
[WhiteElo "2296"]
[BlackElo "2208"]
[PlyCount "125"]
[EventDate "1979.??.??"]

1. e4 c5 2. Nf3 e6 3. d4 cxd4 4. Nxd4 Nc6 5. Nc3 a6 6. g3 Nge7 7. Nde2 Ng6 8.
Bg2 b5 9. b3 Bc5 10. Bb2 O-O 11. Qd2 Bb7 12. h4 Qb6 13. O-O Nge5 14. Nf4 Rac8
15. Nce2 b4 16. c4 a5 17. Nd3 Nxd3 18. Qxd3 d6 19. h5 h6 20. Rad1 Rfd8 21. Nf4
Ra8 22. Qb1 Qc7 23. Nd3 Bb6 24. Qa1 e5 25. Qc1 Bd4 26. Rd2 Bxb2 27. Qxb2 Nd4
28. f4 Qe7 29. Rdf2 f6 30. Qd2 Bc6 31. Qe3 Rab8 32. Bh3 Re8 33. Ne1 Qf7 34. Bg4
Qb7 35. Bf5 Qb6 36. Bg6 Re7 37. Nf3 Ne6 38. Qxb6 Rxb6 39. fxe5 dxe5 40. Rd2
Rbb7 41. Rd6 Rbc7 42. Rfd1 Red7 43. Bf5 Rxd6 44. Rxd6 Nc5 45. Rd8+ Kf7 46. Nd2
Ne6 47. Bg6+ Ke7 48. Rg8 Rd7 49. Nf3 Rd1+ 50. Kf2 Ra1 51. Bf5 Rxa2+ 52. Ke3 Ra3
53. Nd2 a4 54. Bxe6 Kxe6 55. Rxg7 axb3 56. Kd3 Ba4 57. Rb7 b2+ 58. Ke2 Rb3 59.
Nb1 Bc6 60. Rb6 Kd7 61. c5 Kc7 62. Kf2 Bxe4 63. Nd2 0-1

[Event "Tournament: Lloyds Bank Masters"]
[Site "London"]
[Date "1979.08.29"]
[Round "?"]
[White "Stebbings, A."]
[Black "Kerkhoff, L."]
[Result "1/2-1/2"]
[WhiteElo "2208"]
[BlackElo "2240"]
[PlyCount "42"]
[EventDate "1979.??.??"]

1. e4 e5 2. Nf3 Nc6 3. Bb5 a6 4. Ba4 d6 5. c3 f5 6. exf5 Bxf5 7. d4 e4 8. Ng5
d5 9. f3 h6 10. fxe4 hxg5 11. exf5 Bd6 12. Qg4 Nf6 13. Qxg5 Kf8 14. h3 Rh5 15.
Qe3 Ng4 16. Qf3 Qh4+ 17. Kf1 Re8 18. Bd2 Nge5 19. dxe5 Nxe5 20. Qf4 Ng4 21. Qf3
Ne5 1/2-1/2

[Event "Tournament: Lloyds Bank Masters"]
[Site "London"]
[Date "1979.08.30"]
[Round "?"]
[White "MacDonaldRoss, M."]
[Black "Stebbings, A."]
[Result "1/2-1/2"]
[WhiteElo "2152"]
[BlackElo "2208"]
[PlyCount "99"]
[EventDate "1979.??.??"]

1. d4 Nf6 2. Nf3 g6 3. Bf4 Bg7 4. e3 O-O 5. Be2 d6 6. h3 Nbd7 7. O-O b6 8. c4
Bb7 9. Nc3 Re8 10. a4 e5 11. Bh2 a5 12. Qc2 Qe7 13. Rac1 exd4 14. exd4 Ne4 15.
Nd5 Qd8 16. Rfe1 Ndf6 17. Bd3 Bh6 18. Bf4 Nxd5 19. Bxh6 Nb4 20. Qb3 Nxd3 21.
Qxd3 Qf6 22. d5 Nc5 23. Qd2 Nd7 24. Rxe8+ Rxe8 25. Re1 Qd8 26. Qc3 f6 27. Nd4
Rxe1+ 28. Qxe1 Nc5 29. Qe3 Bc8 30. Nc6 Qd7 31. Qe7 Qxe7 32. Nxe7+ Kf7 33. Nxc8
g5 34. f4 Kg6 35. fxg5 fxg5 36. Bf8 Nxa4 37. b3 Nc5 38. Nxd6 cxd6 39. Bxd6 Nxb3
40. Bc7 Kf7 41. Bxb6 a4 42. Bc7 a3 43. Be5 a2 44. Kf2 a1=Q 45. Bxa1 Nxa1 46.
Ke3 Kf6 47. Ke4 Nb3 48. d6 Ke6 49. d7 Kxd7 50. Kf5 1/2-1/2

[Event "Kent league"]
[Site "?"]
[Date "1979.09.01"]
[Round "?"]
[White "Clear, D."]
[Black "Stebbings, A."]
[Result "0-1"]
[WhiteElo "1776"]
[BlackElo "2208"]
[PlyCount "90"]
[EventDate "1979.??.??"]

1. e4 c5 2. Nf3 e6 3. Nc3 a6 4. g3 Nc6 5. Bg2 Nge7 6. O-O d6 7. d3 g6 8. Ne2
Bg7 9. c3 d5 10. Qc2 O-O 11. Rb1 a5 12. a4 h6 13. Bd2 Qb6 14. Rfe1 Rd8 15. Rbd1
e5 16. Bc1 Be6 17. Nd2 dxe4 18. dxe4 Rd7 19. b3 Rad8 20. Nc4 Bxc4 21. bxc4 Rxd1
22. Rxd1 Rxd1+ 23. Qxd1 Qd8 24. Qc2 h5 25. Be3 b6 26. Kf1 Kh7 27. f4 Bh6 28.
Kf2 Ng8 29. Qd2 Qxd2 30. Bxd2 Nf6 31. h3 Ne8 32. g4 hxg4 33. hxg4 Nd6 34. g5
Nxc4 35. Bc1 Bg7 36. f5 f6 37. Bf3 fxg5 38. Bxg5 Nb2 39. f6 Bf8 40. Bg4 Nb8 41.
Be6 Nxa4 42. c4 Nb2 43. Nc1 Nc6 44. Bd2 Nd4 45. Bd7 Nxc4 0-1

[Event "London league"]
[Site "?"]
[Date "1979.09.19"]
[Round "?"]
[White "Stebbings, A."]
[Black "Shepstone, A."]
[Result "1-0"]
[WhiteElo "2208"]
[BlackElo "2056"]
[PlyCount "59"]
[EventDate "1979.??.??"]

1. d4 Nf6 2. c4 g6 3. Nc3 Bg7 4. e4 d6 5. f3 O-O 6. Be3 e5 7. Nge2 c6 8. Qd2
Nbd7 9. O-O-O a6 10. Kb1 b5 11. Nc1 Ne8 12. d5 b4 13. N3e2 cxd5 14. cxd5 a5 15.
g4 f5 16. gxf5 gxf5 17. Bg5 Ndf6 18. Ng3 fxe4 19. fxe4 Qb6 20. Bd3 Rf7 21. Nce2
Ng4 22. Rdf1 h6 23. Rxf7 Kxf7 24. Bh4 Ra7 25. Nh5 Qb8 26. Rf1+ Kg8 27. h3 Nh2
28. Rf2 Rf7 29. Rxh2 Rf1+ 30. Nc1 1-0

[Event "Team match"]
[Site "Upminster"]
[Date "1979.09.27"]
[Round "?"]
[White "Stebbings, A."]
[Black "Smith, IB."]
[Result "1-0"]
[WhiteElo "2208"]
[BlackElo "2048"]
[PlyCount "72"]
[EventDate "1979.??.??"]

1. c4 e5 2. Nc3 Nf6 3. Nf3 Nc6 4. a3 d5 5. cxd5 Nxd5 6. d3 Be7 7. e3 Be6 8. Bd2
O-O 9. b4 a6 10. Qc2 f5 11. Be2 g5 12. Nxd5 Bxd5 13. e4 Be6 14. Bc3 Bf6 15.
exf5 Bxf5 16. O-O g4 17. Nd2 Nd4 18. Bxd4 exd4 19. Rfe1 Be5 20. Bf1 Qf6 21. g3
c6 22. Bg2 Rae8 23. Ne4 Qg6 24. a4 Re6 25. Nc5 Ree8 26. Rad1 Rf6 27. Re2 Bc7
28. Rxe8+ Qxe8 29. Nxb7 Re6 30. Qd2 Kh8 31. Nc5 Re2 32. Qg5 Re1+ 33. Rxe1 Qxe1+
34. Bf1 Bg6 35. Qxg4 Bb6 36. Qxd4+ Kg8 1-0

[Event "County match"]
[Site "?"]
[Date "1979.10.06"]
[Round "?"]
[White "Shallcross, D."]
[Black "Stebbings, A."]
[Result "1/2-1/2"]
[WhiteElo "2104"]
[BlackElo "2208"]
[PlyCount "34"]
[EventDate "1979.??.??"]

1. d4 Nf6 2. c4 e6 3. Nf3 Bb4+ 4. Bd2 Qe7 5. Nc3 b6 6. a3 Bxc3 7. Bxc3 Ne4 8.
Qc2 f5 9. Nd2 Nxc3 10. Qxc3 Bb7 11. e3 O-O 12. O-O-O d6 13. Rg1 Nd7 14. Be2 Nf6
15. Bf3 Bxf3 16. Nxf3 Ne4 17. Qc2 c5 1/2-1/2

[Event "London league"]
[Site "?"]
[Date "1979.10.09"]
[Round "?"]
[White "Stebbings, A."]
[Black "Williams, A."]
[Result "1/2-1/2"]
[WhiteElo "2208"]
[BlackElo "2160"]
[PlyCount "65"]
[EventDate "1979.??.??"]

1. c4 f5 2. Nc3 Nf6 3. g3 e6 4. Bg2 Be7 5. e3 O-O 6. Nge2 d6 7. O-O Qe8 8. b3
e5 9. d3 Nc6 10. Rb1 Qh5 11. f4 Bd7 12. b4 Rae8 13. b5 Na5 14. Nd5 Bd8 15. Bd2
b6 16. Nec3 Qxd1 17. Nxd1 e4 18. Nxf6+ Bxf6 19. Bxa5 bxa5 20. dxe4 fxe4 21. Nf2
Be6 22. Rbc1 Bb2 23. Rc2 Ba3 24. Bxe4 Bc5 25. Re1 Bf7 26. g4 Kh8 27. Kg2 Be6
28. Bc6 Re7 29. h3 Bg8 30. Ree2 Rxe3 31. Rxe3 Bxe3 32. f5 g6 33. Nd1 1/2-1/2

[Event "Eastman cup"]
[Site "London"]
[Date "1979.10.17"]
[Round "?"]
[White "Smith, AP."]
[Black "Stebbings, A."]
[Result "0-1"]
[WhiteElo "2144"]
[BlackElo "2208"]
[PlyCount "38"]
[EventDate "1979.??.??"]

1. e4 e6 2. d4 d5 3. e5 c5 4. Qg4 cxd4 5. Nf3 Nc6 6. Bd3 f5 7. Qg3 Qc7 8. O-O
Bc5 9. a3 a6 10. Bf4 Qf7 11. c3 Nge7 12. b4 Ba7 13. b5 axb5 14. cxd4 Nxd4 15.
Nc3 O-O 16. Bxb5 Nec6 17. Bxc6 bxc6 18. Rfb1 Ba6 19. Be3 f4 0-1